Institutiones Juris Canonici (Record no. 8720)

MARC details
000 -CABECERA
campo de control de longitud fija 00801nam a2200229 a 4500
001 - NÚMERO DE CONTROL
campo de control BRCA_9070
005 - FECHA Y HORA DE LA ÚLTIMA TRANSACCIÓN
campo de control 20190320210519.0
008 - DATOS DE LONGITUD FIJA--INFORMACIÓN GENERAL
campo de control de longitud fija 050917s1800----sp-#######---#000-0#lat-#
041 ## - CÓDIGO DE LENGUA
Código de lengua del texto/banda sonora o título independiente lat
044 ## - CÓDIGO DEL PAÍS DE LA ENTIDAD EDITORA/PRODUCTORA
Código MARC del país sp
084 ## - OTRO NÚMERO DE CLASIFICACIÓN
Número de clasificación CO63
Número de documento/Ítem .C38 1800
100 1# - ENTRADA PRINCIPAL--NOMBRE DE PERSONA
Nombre de persona Cavallario, Dominico
Fechas asociadas al nombre 1724-1781
9 (RLIN) 21259
245 10 - MENCIÓN DE TÍTULO
Título Institutiones Juris Canonici
Resto del título in tres partes, ac sex tomos distributae, quibus vetus et nova ecclesiae disciplina et mutationum causae enarrantur
Mención de responsabilidad, etc. a Dominico Cavallario.
260 ## - PUBLICACIÓN, DISTRIBUCIÓN, ETC.
Lugar de publicación, distribución, etc. Matriti
Nombre del editor, distribuidor, etc. Ex typographia regia
Fecha de publicación, distribución, etc. 1800
300 ## - DESCRIPCIÓN FÍSICA
Extensión [2], 227 p. (t.3)
Dimensiones 22 x 16 cm
500 ## - NOTA GENERAL
Nota general Superiorum permissu
500 ## - NOTA GENERAL
Nota general Estado físico: presenta encuadernación en pergamino con cintas
546 ## - NOTA DE LENGUA/LENGUAJE
Nota de lengua/lenguaje Texto en: latín
650 14 - PUNTO DE ACCESO ADICIONAL DE MATERIA--TÉRMINO DE MATERIA
Término de materia o nombre geográfico como elemento de entrada Derecho canónico
9 (RLIN) 21260
902 ## - CATALOGADOR
Iniciales CFM
942 ## - ELEMENTOS DE PUNTO DE ACCESO ADICIONAL (KOHA)
Fuente del sistema de clasificación o colocación Library of Congress Classification
Tipo de ítem Koha Libros
Holdings
Estado de retiro Estado de pérdida Estado dañado No para préstamo Localización permanente Ubicación/localización actual Fecha de adquisición Total de préstamos Signatura topográfica completa Código de barras Fecha visto por última vez Precio válido a partir de Tipo de ítem Koha
El ejemplar forma parte de la colección y puede ser consultado según las políticas vigentes.       Biblioteca del Museo Franz Mayer (Rogerio Casas-Alatriste) Biblioteca del Museo Franz Mayer (Rogerio Casas-Alatriste) 05/09/2017   CO63 .C38 1800 CFM00427 22/03/2019 22/03/2019 Libros